[Event "Jean-Pierre Roy mem-B"]
[Site "Hull CAN"]
[Date "1997.10.21"]
[Round "1"]
[White "Raymond, Daniel"]
[Black "Boudreau, Martin"]
[Result "1-0"]
[WhiteElo "1632"]
[BlackElo "1075"]
[PlyCount "33"]
[GameId "2160767911935924"]
[EventDate "1997.10.21"]
[EventType "swiss"]
[EventRounds "5"]
[EventCountry "CAN"]

1. e4 c6 2. d4 Nf6 3. e5 Nd5 4. Nf3 e6 5. c4 Bb4+ 6. Bd2 Bxd2+ 7. Qxd2 Nf4 8. Qxf4 O-O 9. Nc3 b6 10. Bd3 Na6 11. O-O Nb4 12. Bb1 Ba6 13. b3 Bc8 14. Ne4 Rb8 15. Nf6+ gxf6 16. exf6 Kh8 17. Qh6 1-0

[Event "Jean-Pierre Roy mem-B"]
[Site "Hull CAN"]
[Date "1997.10.21"]
[Round "1"]
[White "Trottier, Stephane"]
[Black "Danis, Jacques"]
[Result "1-0"]
[WhiteElo "1878"]
[BlackElo "1619"]
[PlyCount "51"]
[GameId "2160767911935925"]
[EventDate "1997.10.21"]
[EventType "swiss"]
[EventRounds "5"]
[EventCountry "CAN"]

1. e4 b6 2. f4 Bb7 3. Nc3 e6 4. Nf3 Nf6 5. e5 Nd5 6. Nxd5 Bxd5 7. d4 d6 8. Bb5+ c6 9. Be2 Be7 10. O-O Nd7 11. c4 Bxf3 12. Bxf3 Qc7 13. Be3 Rd8 14. Qa4 c5 15. d5 dxe5 16. dxe6 fxe6 17. Bh5+ g6 18. Bg4 O-O 19. Bxe6+ Kg7 20. f5 Nf6 21. fxg6 hxg6 22. Rad1 Bd6 23. Bg5 e4 24. h4 Rde8 25. Bxf6+ Kh7 26. Qd7+ 1-0

[Event "Jean-Pierre Roy mem-B"]
[Site "Hull CAN"]
[Date "1997.10.21"]
[Round "1"]
[White "Villeneuve, Luc"]
[Black "Thomann, Olivier"]
[Result "0-1"]
[WhiteElo "1308"]
[BlackElo "1692"]
[PlyCount "58"]
[GameId "2160767911935926"]
[EventDate "1997.10.21"]
[EventType "swiss"]
[EventRounds "5"]
[EventCountry "CAN"]

1. c4 Nf6 2. Nc3 g6 3. g3 Bg7 4. Bg2 O-O 5. e3 c6 6. d4 d5 7. Qb3 dxc4 8. Qxc4 Be6 9. Qd3 Nbd7 10. Nge2 Nb6 11. b3 Nfd5 12. Nxd5 Nxd5 13. Bxd5 Bxd5 14. O-O e5 15. dxe5 Bxe5 16. Rb1 Bf3 17. Nd4 c5 18. Bb2 Bg7 19. e4 Bg4 20. f3 Bh3 21. Rfd1 cxd4 22. Bxd4 Bxd4+ 23. Qxd4 Qxd4+ 24. Rxd4 Rac8 25. Rbd1 Rc2 26. R4d2 Rfc8 27. Rxc2 Rxc2 28. Rd8+ Kg7 29. Rd7 Bxd7 0-1

[Event "Jean-Pierre Roy mem-B"]
[Site "Hull CAN"]
[Date "1997.10.28"]
[Round "2"]
[White "Thomann, Olivier"]
[Black "Labbe, Georges"]
[Result "1-0"]
[WhiteElo "1692"]
[BlackElo "1236"]
[PlyCount "83"]
[GameId "2160767911935927"]
[EventDate "1997.10.21"]
[EventType "swiss"]
[EventRounds "5"]
[EventCountry "CAN"]

1. e4 e5 2. Nf3 Nf6 3. Nxe5 d6 4. Nf3 Nxe4 5. d4 d5 6. Bd3 Qe7 7. O-O Bg4 8. Re1 f5 9. Nbd2 Nc6 10. c3 O-O-O 11. Qa4 Bxf3 12. Nxf3 Qd7 13. Bb5 Re8 14. Ne5 Rxe5 15. dxe5 Qe6 16. Bxc6 bxc6 17. Be3 Bc5 18. f3 f4 19. Bxc5 Nxc5 20. Qxa7 Nd3 21. Qa8+ Kd7 22. Qxh8 Nxe1 23. Qxg7+ Kd8 24. Rxe1 h5 25. Qf6+ Qe7 26. Qxe7+ Kxe7 27. Kf2 h4 28. g3 fxg3+ 29. hxg3 hxg3+ 30. Kxg3 c5 31. f4 c4 32. f5 c5 33. Rd1 d4 34. cxd4 cxd4 35. Rxd4 c3 36. bxc3 Ke8 37. Ra4 Ke7 38. Ra6 Kf7 39. Ra7+ Ke8 40. f6 Kf8 41. e6 Ke8 42. Ra8# 1-0

[Event "Jean-Pierre Roy mem-B"]
[Site "Hull CAN"]
[Date "1997.11.04"]
[Round "3"]
[White "Thomann, Olivier"]
[Black "Hastie, Robert"]
[Result "1/2-1/2"]
[WhiteElo "1692"]
[BlackElo "1726"]
[PlyCount "25"]
[GameId "2160767911935928"]
[EventDate "1997.10.21"]
[EventType "swiss"]
[EventRounds "5"]
[EventCountry "CAN"]

1. e4 e5 2. Nf3 Nc6 3. Bb5 a6 4. Ba4 Nf6 5. O-O Nxe4 6. d4 b5 7. Bb3 d5 8. dxe5 Be6 9. c3 Bc5 10. Nbd2 O-O 11. Bc2 Bg4 12. Nxe4 dxe4 13. Qxd8 1/2-1/2

[Event "Jean-Pierre Roy mem-B"]
[Site "Hull CAN"]
[Date "1997.11.11"]
[Round "4"]
[White "Laurin, Jacques"]
[Black "Thomann, Olivier"]
[Result "0-1"]
[WhiteElo "1853"]
[BlackElo "1692"]
[PlyCount "90"]
[GameId "2160767911935929"]
[EventDate "1997.10.21"]
[EventType "swiss"]
[EventRounds "5"]
[EventCountry "CAN"]

1. c4 Nf6 2. g3 g6 3. Bg2 Bg7 4. Nf3 d6 5. d4 c5 6. Nc3 Na6 7. O-O O-O 8. d5 Nc7 9. e4 a6 10. a4 Bd7 11. e5 Ng4 12. exd6 exd6 13. Ne4 Bf5 14. Nh4 Bxe4 15. Bxe4 Ne5 16. Qc2 b5 17. b3 Nxc4 18. bxc4 Bxa1 19. Bh6 Bg7 20. Bxg7 Kxg7 21. axb5 axb5 22. cxb5 Nxb5 23. Qb2+ Nd4 24. Nf3 Rb8 25. Qa1 Qf6 26. Nxd4 Qxd4 27. Qxd4+ cxd4 28. Ra1 Rfe8 29. Bf3 Rb4 30. Ra6 d3 31. Ra2 Rd4 32. Rd2 Re1+ 33. Kg2 Rc1 34. Bd1 Rxd1 35. Rxd1 d2 36. f4 Rxd5 37. Kf3 f5 38. g4 Kf6 39. g5+ Ke6 40. Ke3 Kd7 41. Rxd2 Rxd2 42. Kxd2 Kc6 43. Kd3 Kd5 44. Ke3 Kc4 45. Kf3 Kd3 0-1

[Event "Jean-Pierre Roy mem-B"]
[Site "Hull CAN"]
[Date "1997.11.11"]
[Round "4"]
[White "Seguin, Hubert"]
[Black "Beriault, Silvain"]
[Result "1-0"]
[WhiteElo "1578"]
[BlackElo "1351"]
[PlyCount "47"]
[GameId "2160767911935930"]
[EventDate "1997.10.21"]
[EventType "swiss"]
[EventRounds "5"]
[EventCountry "CAN"]

1. e4 c5 2. Nf3 Nc6 3. d4 cxd4 4. Nxd4 Nf6 5. Nc3 d6 6. Be2 a6 7. O-O Bd7 8. Be3 e6 9. Qd2 Be7 10. f4 O-O 11. Kh1 Qc7 12. g4 e5 13. Nf5 g6 14. Nh6+ Kg7 15. g5 Ng8 16. Nd5 Qd8 17. f5 f6 18. Nxg8 Rxg8 19. fxg6 fxg5 20. Rf7+ Kxg6 21. Raf1 Kh6 22. Nxe7 Nxe7 23. R1f6+ Rg6 24. Bxg5# 1-0

[Event "Jean-Pierre Roy mem-B"]
[Site "Hull CAN"]
[Date "1997.11.18"]
[Round "5"]
[White "Thomann, Olivier"]
[Black "Beaudet, Jean-Luc"]
[Result "0-1"]
[WhiteElo "1692"]
[BlackElo "1677"]
[PlyCount "113"]
[GameId "2160767911935931"]
[EventDate "1997.10.21"]
[EventType "swiss"]
[EventRounds "5"]
[EventCountry "CAN"]

1. e4 e6 2. d4 d5 3. exd5 exd5 4. Bd3 Be6 5. Nf3 Be7 6. O-O Nd7 7. Re1 c6 8. Nbd2 Qc7 9. Nf1 O-O-O 10. Ng5 Bxg5 11. Bxg5 Re8 12. c3 Ngf6 13. Qa4 a6 14. g3 Nh5 15. Be2 h6 16. Bd2 Ndf6 17. Qd1 g6 18. Ne3 Qd7 19. Ng2 Bg4 20. Bf4 Bxe2 21. Rxe2 Nxf4 22. Nxf4 g5 23. Nd3 Ne4 24. f3 Nd6 25. b3 Qf5 26. Kg2 Rxe2+ 27. Qxe2 Re8 28. Qd2 g4 29. fxg4 Qxg4 30. Re1 Ne4 31. Qxh6 Kd8 32. Ne5 Qe6 33. Qxe6 fxe6 34. Rc1 Rf8 35. Rc2 Kc7 36. Nd3 b6 37. Nf2 Nd6 38. Re2 Kd7 39. Re3 c5 40. Nd3 cxd4 41. cxd4 Nf5 42. Ne5+ Kd6 43. Rf3 Rc8 44. Nf7+ Ke7 45. Ng5 Rc2+ 46. Rf2 Ne3+ 47. Kf3 Rc3 48. Ke2 Nf5 49. Kd2 Rc8 50. Rf4 Kf6 51. Nf3 Kg7 52. g4 Nd6 53. Ng5 Re8 54. h4 Kg6 55. Kd3 Rh8 56. Nf3 Ne4 57. Rxe4 0-1

[Event "Kent Oliver mem"]
[Site "Winnipeg CAN"]
[Date "1997.01.03"]
[Round "1"]
[White "Babb, Jeff"]
[Black "Repa, Jason"]
[Result "1/2-1/2"]
[WhiteElo "2105"]
[BlackElo "1704"]
[PlyCount "115"]
[GameId "2160767912007844"]
[EventDate "1997.01.03"]
[EventType "swiss"]
[EventRounds "5"]
[EventCountry "CAN"]

1. e4 e6 2. d3 d5 3. Nd2 Nf6 4. Ngf3 b6 5. g3 Bb7 6. e5 Nfd7 7. Bg2 Be7 8. O-O O-O 9. Re1 c5 10. h4 Nc6 11. Nf1 Qc7 12. Bf4 Rae8 13. h5 Qd8 14. Bh3 Kh8 15. Qd2 Rg8 16. N1h2 g6 17. hxg6 Rxg6 18. Bg4 Rxg4 19. Nxg4 f5 20. Nh6 Kg7 21. c3 d4 22. c4 Qa8 23. Kh2 Nd8 24. Nh4 Kh8 25. Bg5 a5 26. Bxe7 Rxe7 27. Qg5 Rg7 28. Qh5 Nc6 29. f4 Nb4 30. Rad1 Nc2 31. Rg1 Ne3 32. Rd2 Nf8 33. Rf2 Bc6 34. Qe2 Ng6 35. Nf3 Ne7 36. Ng5 Rg6 37. Ngf7+ Kg7 38. g4 fxg4 39. Nxg4 Nxg4+ 40. Rxg4 Kxf7 41. Rh4 Qg8 42. Qh5 Kg7 43. Rg4 Kh8 44. Rxg6 Qxg6 45. Qxg6 hxg6 46. Kg3 Kg7 47. Kg4 Nf5 48. Rh2 Nh6+ 49. Kg5 Nf7+ 50. Kg4 Nd8 51. Rf2 Be8 52. b3 Nc6 53. a3 Ne7 54. Rb2 Nc6 55. Kg5 Bd7 56. Rh2 Bc8 57. Rh6 Ne7 58. Rh2 1/2-1/2

[Event "Kent Oliver mem"]
[Site "Winnipeg CAN"]
[Date "1997.01.03"]
[Round "1"]
[White "Barg, Andrew"]
[Black "Huggan, Philip"]
[Result "1-0"]
[WhiteElo "1795"]
[BlackElo "1446"]
[PlyCount "67"]
[GameId "2160767912007845"]
[EventDate "1997.01.03"]
[EventType "swiss"]
[EventRounds "5"]
[EventCountry "CAN"]

1. e4 c5 2. Nf3 d6 3. d4 cxd4 4. Nxd4 Nf6 5. Nc3 g6 6. Be3 Bg7 7. f3 O-O 8. Qd2 Nc6 9. O-O-O Bd7 10. g4 h5 11. g5 Nh7 12. f4 e6 13. h4 f5 14. gxf6 Bxf6 15. Ndb5 Be7 16. Nxd6 Bxd6 17. Qxd6 Rf7 18. Rg1 Nf8 19. Bc4 Kh8 20. Rg5 Qe7 21. Qxe7 Rxe7 22. Rdg1 b6 23. Nb5 Na5 24. Bd3 Be8 25. Bd4+ Kg8 26. Rxh5 Nh7 27. Rh6 Rd8 28. h5 Rxd4 29. hxg6 Bxg6 30. Rhxg6+ Kf8 31. Nxd4 Ke8 32. Rxe6 Nf8 33. Rxe7+ Kxe7 34. e5 1-0

[Event "Kent Oliver mem"]
[Site "Winnipeg CAN"]
[Date "1997.01.03"]
[Round "1"]
[White "Gannon, Keith"]
[Black "Schulz, Manfred"]
[Result "0-1"]
[WhiteElo "1660"]
[BlackElo "1988"]
[PlyCount "68"]
[GameId "2160767912007846"]
[EventDate "1997.01.03"]
[EventType "swiss"]
[EventRounds "5"]
[EventCountry "CAN"]

1. f4 d5 2. e3 Nf6 3. Nf3 Bf5 4. d3 e6 5. Be2 h6 6. Nc3 Be7 7. Bd2 O-O 8. O-O c5 9. a4 Nc6 10. b3 Re8 11. Nh4 Bh7 12. g3 Qb6 13. Ng2 Rad8 14. Bf3 e5 15. Kh1 e4 16. Be2 d4 17. exd4 Nxd4 18. dxe4 Nxe4 19. Nxe4 Bxe4 20. a5 Qc6 21. Rf2 Nxc2 22. Ra4 Ne3 23. Qc1 Nxg2 24. Rxe4 Qxe4 25. Rxg2 Bf6 26. Bb5 Re6 27. h3 Red6 28. Qe1 Qxe1+ 29. Bxe1 Rd1 30. Rg1 Bd4 31. Rf1 g6 32. Bc4 Re8 33. Bc3 Rxf1+ 34. Bxf1 Bxc3 0-1

[Event "Kent Oliver mem"]
[Site "Winnipeg CAN"]
[Date "1997.01.03"]
[Round "1"]
[White "Hassain, Mahmud"]
[Black "Milord, Frank"]
[Result "1-0"]
[WhiteElo "1939"]
[BlackElo "1592"]
[PlyCount "47"]
[GameId "2160767912007847"]
[EventDate "1997.01.03"]
[EventType "swiss"]
[EventRounds "5"]
[EventCountry "CAN"]

1. e4 c5 2. Nf3 Nc6 3. d4 cxd4 4. Nxd4 Nf6 5. Nc3 a6 6. f3 g6 7. g4 d6 8. Nde2 Bg7 9. Be3 O-O 10. Qd2 Ne5 11. Ng1 Be6 12. h4 Rc8 13. h5 Nexg4 14. fxg4 Nxg4 15. Bd4 Bh6 16. Qg2 Qa5 17. hxg6 fxg6 18. Rxh6 Nxh6 19. O-O-O Bxa2 20. Nxa2 Qxa2 21. b3 Ng4 22. Bc4+ Rxc4 23. bxc4 Qxc4 24. Qxg4 1-0

[Event "Kent Oliver mem"]
[Site "Winnipeg CAN"]
[Date "1997.01.03"]
[Round "1"]
[White "Herkert, Dean"]
[Black "Rasmussen, Barry"]
[Result "0-1"]
[WhiteElo "1714"]
[BlackElo "2236"]
[PlyCount "44"]
[GameId "2160767912007848"]
[EventDate "1997.01.03"]
[EventType "swiss"]
[EventRounds "5"]
[EventCountry "CAN"]

1. f4 d5 2. Nf3 Nf6 3. e3 e6 4. b3 Be7 5. Bb2 O-O 6. Be2 c5 7. O-O Nc6 8. Qe1 b6 9. d3 d4 10. e4 Ng4 11. Bc1 f5 12. e5 Nb4 13. Bd1 Nd5 14. Na3 Rb8 15. Nc4 b5 16. h3 Nh6 17. Na5 Nb4 18. c3 dxc3 19. Qxc3 Qxa5 20. a3 Nc6 21. b4 Qb6 22. Be3 cxb4 0-1

[Event "Kent Oliver mem"]
[Site "Winnipeg CAN"]
[Date "1997.01.03"]
[Round "1"]
[White "Kaptsan, Aron"]
[Black "Hanrahan, Nigel"]
[Result "1-0"]
[WhiteElo "2250"]
[BlackElo "1725"]
[PlyCount "95"]
[GameId "2160767912007849"]
[EventDate "1997.01.03"]
[EventType "swiss"]
[EventRounds "5"]
[EventCountry "CAN"]

1. d4 Nf6 2. c4 e5 3. dxe5 Ng4 4. Nf3 Nc6 5. e3 Ngxe5 6. Nxe5 Nxe5 7. Be2 d6 8. O-O Be6 9. Nc3 Qd7 10. b3 Be7 11. Nd5 O-O-O 12. Nxe7+ Qxe7 13. Ba3 g5 14. Qd4 Nc6 15. Qc3 Bf5 16. b4 Qe5 17. Bb2 Qxc3 18. Bxc3 Rhg8 19. Rfd1 Be6 20. Rac1 g4 21. Kh1 h5 22. a3 f5 23. b5 Nb8 24. a4 Nd7 25. Bd4 Rdf8 26. a5 Nc5 27. Bxc5 dxc5 28. Kg1 Rd8 29. Kf1 Rxd1+ 30. Rxd1 Rd8 31. Rxd8+ Kxd8 32. f3 Kd7 33. Kf2 b6 34. axb6 axb6 35. Kg3 Ke7 36. Kh4 Bf7 37. Kg5 Ke6 38. Bd3 gxf3 39. gxf3 f4 40. Kxf4 Kf6 41. h4 Be8 42. e4 c6 43. bxc6 Bxc6 44. e5+ Ke7 45. Be4 Be8 46. Bd5 b5 47. cxb5 Bxb5 48. Ke3 1-0

[Event "Kent Oliver mem"]
[Site "Winnipeg CAN"]
[Date "1997.01.03"]
[Round "1"]
[White "Klokow, John"]
[Black "Khedkar, Jay"]
[Result "0-1"]
[WhiteElo "1688"]
[BlackElo "2033"]
[PlyCount "52"]
[GameId "2160767912007850"]
[EventDate "1997.01.03"]
[EventType "swiss"]
[EventRounds "5"]
[EventCountry "CAN"]

1. e4 c5 2. Nf3 d6 3. d4 cxd4 4. Nxd4 Nf6 5. Nc3 a6 6. Be2 e6 7. O-O Be7 8. Be3 b5 9. Bd3 Bb7 10. a3 Nbd7 11. f4 Qc7 12. g4 Nc5 13. Qf3 d5 14. exd5 Nxd5 15. Nxd5 Bxd5 16. Qe2 Nxd3 17. cxd3 O-O 18. g5 Rac8 19. f5 e5 20. f6 exd4 21. fxg7 Rfe8 22. Bxd4 Bc5 23. Qf2 Re5 24. h4 Bxd4 25. Qxd4 Rxg5+ 26. hxg5 Qg3# 0-1

[Event "Kent Oliver mem"]
[Site "Winnipeg CAN"]
[Date "1997.01.03"]
[Round "1"]
[White "Magyar, Peter"]
[Black "Yoos, John"]
[Result "0-1"]
[WhiteElo "1394"]
[BlackElo "2375"]
[PlyCount "46"]
[GameId "2160767912007851"]
[EventDate "1997.01.03"]
[EventType "swiss"]
[EventRounds "5"]
[EventCountry "CAN"]

1. e4 c5 2. Nf3 d6 3. d4 cxd4 4. Nxd4 Nf6 5. Nc3 g6 6. Bc4 Bg7 7. Be3 O-O 8. O-O Nc6 9. Qd2 Ng4 10. Bg5 Nxd4 11. Rac1 h6 12. Bh4 Ne5 13. Bd5 Nef3+ 14. gxf3 Nxf3+ 15. Kh1 Nxd2 16. Rg1 Nf3 17. Rg3 Nxh4 18. Ne2 Qb6 19. Rf1 Qxb2 20. Nf4 Be5 21. Nxg6 Bxg3 22. Nxf8 Bf4 23. Rg1+ Kxf8 0-1

[Event "Kent Oliver mem"]
[Site "Winnipeg CAN"]
[Date "1997.01.03"]
[Round "1"]
[White "Schulz, Waldemar"]
[Black "Agusti, Mike"]
[Result "1-0"]
[WhiteElo "2012"]
[BlackElo "1690"]
[PlyCount "60"]
[GameId "2160767912007852"]
[EventDate "1997.01.03"]
[EventType "swiss"]
[EventRounds "5"]
[EventCountry "CAN"]

1. d4 Nf6 2. c4 e6 3. Nf3 b6 4. g3 Bb7 5. Bg2 Be7 6. O-O d6 7. Nc3 O-O 8. Qc2 Nbd7 9. e4 e5 10. b3 a6 11. Bb2 Rc8 12. Rad1 c5 13. dxe5 Ne8 14. Nd5 Bxd5 15. exd5 Nxe5 16. Nxe5 dxe5 17. Bxe5 Nd6 18. Bh3 Ra8 19. Qb2 f6 20. Bf4 Ra7 21. Rfe1 Re8 22. Re6 Bf8 23. Rde1 Rxe6 24. Rxe6 Rf7 25. Qe2 Rd7 26. Bxd6 Rxd6 27. Re8 Qc7 28. Be6+ Rxe6 29. Qxe6+ Qf7 30. Qxf7+ Kxf7 1-0

[Event "Kent Oliver mem"]
[Site "Winnipeg CAN"]
[Date "1997.01.03"]
[Round "1"]
[White "Shpan, Mike"]
[Black "Gentes, Kevin"]
[Result "0-1"]
[WhiteElo "1762"]
[BlackElo "2375"]
[PlyCount "56"]
[GameId "2160767912007853"]
[EventDate "1997.01.03"]
[EventType "swiss"]
[EventRounds "5"]
[EventCountry "CAN"]

1. e4 c5 2. Nf3 d6 3. Nc3 Nf6 4. Bb5+ Nbd7 5. e5 dxe5 6. Nxe5 g6 7. d4 Bg7 8. dxc5 O-O 9. Nxd7 Nxd7 10. Be3 Bxc3+ 11. bxc3 Qa5 12. Qd3 Ne5 13. Qd4 Qxb5 14. Qxe5 Bf5 15. Bd4 f6 16. Qd5+ Rf7 17. Qb3 Qa6 18. a4 Rd8 19. Rc1 Bd7 20. Ra1 Bc6 21. f3 e5 22. Be3 Bd5 23. Qb5 Qe6 24. Kf2 Bc4 25. Qa5 Rfd7 26. g4 e4 27. g5 Qh3 28. fxe4 Rd2+ 0-1

[Event "Kent Oliver mem"]
[Site "Winnipeg CAN"]
[Date "1997.01.03"]
[Round "1"]
[White "Trueman, Francis"]
[Black "Roque, Rodolfo"]
[Result "0-1"]
[WhiteElo "1510"]
[BlackElo "1892"]
[PlyCount "36"]
[GameId "2160767912007854"]
[EventDate "1997.01.03"]
[EventType "swiss"]
[EventRounds "5"]
[EventCountry "CAN"]

1. Nf3 d5 2. d3 Nf6 3. Nbd2 Nc6 4. g3 e5 5. c3 Bd6 6. Bg2 h6 7. O-O Be6 8. Re1 Qd7 9. Nf1 O-O-O 10. e4 dxe4 11. dxe4 Bh3 12. Bh1 Qg4 13. Ne3 Qg6 14. Nh4 Qh7 15. Nhf5 Bc5 16. Qf3 g5 17. Ng2 Bg4 18. Nd6+ Rxd6 0-1

[Event "Kent Oliver mem"]
[Site "Winnipeg CAN"]
[Date "1997.01.03"]
[Round "1"]
[White "Ududec, Cozmin"]
[Black "Pino, Manuel"]
[Result "0-1"]
[WhiteElo "1188"]
[BlackElo "1763"]
[PlyCount "42"]
[GameId "2160767912007855"]
[EventDate "1997.01.03"]
[EventType "swiss"]
[EventRounds "5"]
[EventCountry "CAN"]

1. d4 d5 2. Nc3 Nf6 3. Nf3 g6 4. Bg5 Bg7 5. e3 Nbd7 6. b4 O-O 7. b5 Re8 8. a4 c6 9. a5 h6 10. bxc6 bxc6 11. Bxf6 Bxf6 12. h4 e5 13. g4 exd4 14. Nxd4 Bxh4 15. Nxc6 Qf6 16. Qxd5 Qxc3+ 17. Ke2 Ba6+ 18. Kf3 Qf6+ 19. Kg2 Qxf2+ 20. Kh3 Rxe3+ 21. Qf3 Rxf3# 0-1

[Event "Kent Oliver mem"]
[Site "Winnipeg CAN"]
[Date "1997.01.04"]
[Round "1"]
[White "Aguilar, Alfredo"]
[Black "Cyncore, Dauwyn"]
[Result "0-1"]
[WhiteElo "1533"]
[BlackElo "1906"]
[PlyCount "86"]
[GameId "2160767912007856"]
[EventDate "1997.01.03"]
[EventType "swiss"]
[EventRounds "5"]
[EventCountry "CAN"]

1. e4 c5 2. Nf3 Nc6 3. d4 cxd4 4. Nxd4 e5 5. Nf3 Nf6 6. Nc3 Bb4 7. Bc4 O-O 8. Bg5 Qa5 9. Bd2 Qc5 10. Bb3 Bxc3 11. Bxc3 Nxe4 12. O-O Nxc3 13. bxc3 h6 14. Qd2 d6 15. h3 Bf5 16. Rfe1 Rac8 17. Rad1 Rfd8 18. Qd5 Qxd5 19. Rxd5 Kf8 20. Re3 b6 21. Rd2 Ke7 22. Nh4 Bh7 23. Rf3 f6 24. Nf5+ Bxf5 25. Rxf5 Na5 26. Rf3 Nc4 27. Rd1 Rc5 28. Rg3 g5 29. Rg4 Na5 30. Rd3 Rdc8 31. Rgg3 f5 32. h4 e4 33. Rde3 Kf6 34. hxg5+ hxg5 35. Rh3 Kg6 36. Kf1 d5 37. Ke1 f4 38. Re2 Nxb3 39. axb3 Rxc3 40. Rxc3 Rxc3 41. Rd2 Rc5 42. Ke2 Kf6 43. Kd1 Ke5 0-1

[Event "Kent Oliver mem"]
[Site "Winnipeg CAN"]
[Date "1997.01.04"]
[Round "2"]
[White "Agusti, Mike"]
[Black "Huggan, Philip"]
[Result "1/2-1/2"]
[WhiteElo "1690"]
[BlackElo "1446"]
[PlyCount "88"]
[GameId "2160767912007857"]
[EventDate "1997.01.03"]
[EventType "swiss"]
[EventRounds "5"]
[EventCountry "CAN"]

1. d4 Nf6 2. c4 c5 3. d5 e6 4. Nc3 exd5 5. cxd5 d6 6. e4 g6 7. Bb5+ Nfd7 8. Nge2 a6 9. Ba4 b5 10. Bc2 Bg7 11. O-O O-O 12. Ng3 Re8 13. Rb1 Nb6 14. Nce2 Bg4 15. f3 Bc8 16. Be3 Nc4 17. Bf2 Nxb2 18. Qc1 Nc4 19. Bb3 Ne5 20. Bc2 Bb7 21. Be3 Nc4 22. Bg5 f6 23. Bf4 g5 24. Bd2 Nxd2 25. Qxd2 Nd7 26. Nf5 Bf8 27. f4 gxf4 28. Qxf4 Ne5 29. Rb3 Ng6 30. Qg4 Bc8 31. Nf4 Bg7 32. Nxg6 hxg6 33. Qxg6 Bxf5 34. exf5 Re5 35. Rh3 Qe8 36. Qg3 Rxd5 37. Bd1 Re5 38. Bh5 Qe7 39. Bg6 Kf8 40. Rh7 Re3 41. Qh4 Kg8 42. Rh5 Ra7 43. Bh7+ Kf8 44. Bg6 Kg8 1/2-1/2

[Event "Kent Oliver mem"]
[Site "Winnipeg CAN"]
[Date "1997.01.04"]
[Round "2"]
[White "Cyncore, Dauwyn"]
[Black "Kaptsan, Aron"]
[Result "0-1"]
[WhiteElo "1906"]
[BlackElo "2250"]
[PlyCount "80"]
[GameId "2160767912007858"]
[EventDate "1997.01.03"]
[EventType "swiss"]
[EventRounds "5"]
[EventCountry "CAN"]

1. e4 g6 2. d4 Bg7 3. Nc3 d6 4. Be3 c6 5. Bc4 Nd7 6. Qd2 Ngf6 7. Bh6 O-O 8. Bxg7 Kxg7 9. f4 b5 10. Bd3 e5 11. Nf3 exd4 12. Nxd4 Qb6 13. Nf3 Nc5 14. e5 Re8 15. O-O-O dxe5 16. Nxe5 b4 17. Ne2 Nxd3+ 18. cxd3 Be6 19. b3 a5 20. Kb1 a4 21. Nc4 Bxc4 22. bxc4 c5 23. h3 Rad8 24. Ng3 Qd6 25. Rhf1 Kg8 26. Qf2 Qd4 27. Qxd4 Rxd4 28. f5 g5 29. Kc2 Re3 30. Rf3 Rxf3 31. gxf3 Rf4 32. Rg1 Rxf3 33. Nh5 Nxh5 34. Rxg5+ Ng7 35. f6 Rxf6 36. Rxc5 Ne6 37. Ra5 Rf2+ 38. Kb1 a3 39. Rd5 Rb2+ 40. Ka1 Nf4 0-1

[Event "Kent Oliver mem"]
[Site "Winnipeg CAN"]
[Date "1997.01.04"]
[Round "2"]
[White "Gentes, Kevin"]
[Black "Schulz, Manfred"]
[Result "1-0"]
[WhiteElo "2375"]
[BlackElo "1988"]
[PlyCount "45"]
[GameId "2160767912007859"]
[EventDate "1997.01.03"]
[EventType "swiss"]
[EventRounds "5"]
[EventCountry "CAN"]

1. e4 c6 2. c4 d5 3. exd5 cxd5 4. d4 Nf6 5. Nc3 Nc6 6. Bg5 Be6 7. Nf3 Qa5 8. Be2 Ne4 9. O-O Nxc3 10. bxc3 dxc4 11. Be3 g6 12. Rb1 b6 13. Ng5 Bd5 14. a4 e6 15. Bf3 Rd8 16. Rb5 Qa6 17. Bxd5 Rxd5 18. Qf3 Nd8 19. Rxd5 exd5 20. Re1 Qb7 21. Qf6 Rg8 22. Bc1+ Kd7 23. Nxf7 1-0

[Event "Kent Oliver mem"]
[Site "Winnipeg CAN"]
[Date "1997.01.04"]
[Round "2"]
[White "Hanrahan, Nigel"]
[Black "Aguilar, Alfredo"]
[Result "1-0"]
[WhiteElo "1725"]
[BlackElo "1533"]
[PlyCount "45"]
[GameId "2160767912007860"]
[EventDate "1997.01.03"]
[EventType "swiss"]
[EventRounds "5"]
[EventCountry "CAN"]

1. e4 e5 2. Nf3 Nc6 3. Bb5 a6 4. Ba4 Nf6 5. O-O Be7 6. Re1 d6 7. c3 Bg4 8. Bxc6+ bxc6 9. d4 O-O 10. dxe5 Bxf3 11. Qxf3 dxe5 12. Rd1 Qc8 13. Bg5 Rd8 14. Bxf6 Rxd1+ 15. Qxd1 Bxf6 16. Qe2 h6 17. Nd2 Qb7 18. Nb3 a5 19. Nc5 Qc8 20. Rd1 Be7 21. Nd7 Bd6 22. Qg4 Qe8 23. Nf6+ 1-0

[Event "Kent Oliver mem"]
[Site "Winnipeg CAN"]
[Date "1997.01.04"]
[Round "2"]
[White "Khedkar, Jay"]
[Black "Barg, Andrew"]
[Result "0-1"]
[WhiteElo "2033"]
[BlackElo "1795"]
[PlyCount "100"]
[GameId "2160767912007861"]
[EventDate "1997.01.03"]
[EventType "swiss"]
[EventRounds "5"]
[EventCountry "CAN"]

1. d4 Nf6 2. c4 e5 3. dxe5 Ne4 4. Nf3 Nc6 5. a3 d6 6. Qd5 Nc5 7. Bg5 f6 8. exf6 gxf6 9. Bf4 Be6 10. Qd1 Bxc4 11. Nbd2 Bf7 12. e3 Ne5 13. Bxe5 fxe5 14. b4 Nd7 15. Bd3 d5 16. Bf5 e4 17. Nd4 Ne5 18. h4 Be7 19. Ne6 Bxe6 20. Bxe6 h5 21. Nb3 Bxh4 22. Qxd5 Nd3+ 23. Ke2 Qf6 24. Qxe4 Nxf2 25. Qxh4 Qxe6 26. Nc5 Qe5 27. Rhb1 Ng4 28. Qh3 O-O-O 29. Qf3 c6 30. Qe4 Qxe4 31. Nxe4 Rhe8 32. Kf3 Rd3 33. Re1 Ne5+ 34. Kf4 Ng6+ 35. Kg5 Rxe4 36. Kxg6 Rg4+ 37. Kf5 Rxg2 38. e4 h4 39. e5 h3 40. e6 Kd8 41. Rad1 Rgd2 42. e7+ Ke8 43. Rxd2 Rxd2 44. Ke6 h2 45. Rf1 Re2+ 46. Kd6 Rxe7 47. Rh1 Rh7 48. a4 Kf7 49. b5 cxb5 50. axb5 Kg6 0-1

[Event "Kent Oliver mem"]
[Site "Winnipeg CAN"]
[Date "1997.01.04"]
[Round "2"]
[White "Pino, Manuel"]
[Black "Babb, Jeff"]
[Result "0-1"]
[WhiteElo "1763"]
[BlackElo "2105"]
[PlyCount "60"]
[GameId "2160767912007862"]
[EventDate "1997.01.03"]
[EventType "swiss"]
[EventRounds "5"]
[EventCountry "CAN"]

1. Nf3 Nc6 2. d4 d5 3. g3 Bg4 4. Bg2 Qd7 5. Nbd2 Bh3 6. O-O h5 7. Ng5 Bxg2 8. Kxg2 Nxd4 9. h4 Nf6 10. e4 dxe4 11. Ndxe4 Nxe4 12. Nxe4 O-O-O 13. c3 Nf5 14. Qf3 e6 15. Bg5 Be7 16. Rfd1 Qc6 17. Bxe7 Nxe7 18. Ng5 Qxf3+ 19. Kxf3 Nc6 20. Ke3 f6 21. Nf3 Rd6 22. Rd3 Rxd3+ 23. Kxd3 Rd8+ 24. Ke3 Rd6 25. Rg1 Ne7 26. Nd4 c5 27. Nb3 Rd5 28. g4 b6 29. gxh5 Rxh5 30. Kf3 Kd7 0-1